书目信息 |
| 题名: |
化学实验室常用标准汇编
|
|
| 作者: | ;中国标准出版社 编 | |
| 分册: | 上 试样的采取与制备 标准溶液的制备 | |
| 出版信息: | 北京 中国标准出版社 2015 |
|
| 页数: | 806页 | |
| 开本: | 30cm | |
| 丛书名: | ||
| 单 册: | ||
| 中图分类: | O6-31 | |
| 科图分类: | ||
| 主题词: | 化学实验--实验室--国家标准--中国--汇编 | |
| 电子资源: | ||
| ISBN: | 978-7-5066-7863-6 | |
| 000 | 00820nam0 2200241 450 | |
| 001 | 012015000141 | |
| 005 | 20151130091450.56 | |
| 010 | @a978-7-5066-7863-6@dCNY250.00 | |
| 100 | @a20150712d2015 em y0chiy50 ea | |
| 101 | 0 | @achi |
| 102 | @aCN@b110000 | |
| 105 | @ay l 000yy | |
| 106 | @ar | |
| 200 | 1 | @a化学实验室常用标准汇编@Ahua xue shi yan shi chang yong biao zhun hui bian@h上@i试样的采取与制备 标准溶液的制备@f中国标准出版社编 |
| 205 | @a3版 | |
| 210 | @a北京@c中国标准出版社@d2015 | |
| 215 | @a806页@d30cm | |
| 330 | @a本版主要收集了截至2015年1月发布现行有效的国家标准,本册共包括52项。 | |
| 606 | 0 | @a化学实验@x实验室@x国家标准@y中国@j汇编 |
| 690 | @aO6-31@v5 | |
| 711 | 02 | @a中国标准出版社@Azhong guo biao zhun chu ban she@4编 |
| 801 | 0 | @aCN@b碧洲教育@c20151127 |
| 905 | @a10447@f2@dO6-31@e457:1 | |
| 化学实验室常用标准汇编.上.试样的采取与制备 标准溶液的制备/中国标准出版社编.-3版.-北京:中国标准出版社,2015 |
| 806页;30cm |
| ISBN 978-7-5066-7863-6:CNY250.00 |
| 本版主要收集了截至2015年1月发布现行有效的国家标准,本册共包括52项。 |
| ● |
| 相关链接 |
|
|
|
|
正题名:化学实验室常用标准汇编
索取号:O6-31/457:1
 
预约/预借
| 序号 | 登录号 | 条形码 | 馆藏地/架位号 | 状态 | 备注 |
| 1 | 0871320 | 208713203 | 第二样本阅览室/ [索取号:O6-31/457:1] | 在馆 | |
| 2 | 0871321 | 208713212 | 第三借阅区/ [索取号:O6-31/457:1] | 在馆 |